000 00543nab a22001577 4500
003 ES-SlBCS
005 20210327224248.0
008 200109s2019 it ||||| |||| 00| 0 fre d
040 _aES-SlBCS
_bspa
041 _afre
100 1 _aJoblin, Joseph
_911700
245 1 0 _aRéflexion sur un siècle d'histoire sociale. Entretien avec un observateur
_cJoseph Joblin, S.I., Renè M. Micallef, S.I.
700 1 _aMicallef, Réné M.
_9107278
773 0 _gVol. 100, fasc. 4, 2019, págs. 933-955
_tGregorianum
_wRev219
_x0017-4114
942 _2lcc
_cAR
999 _c482687
_d482687